| 000 | 01949cam a2200553Ia 4500 | ||
|---|---|---|---|
| 001 | sjds1117624 | ||
| 003 | sjds | ||
| 005 | 20180628174837.0 | ||
| 008 | 120608s2013 nyua j 000 1 spa d | ||
| 020 | _a0545491932 (pbk.) | ||
| 020 | _a9780545491938 (pbk.) | ||
| 020 | _a9781451788709 | ||
| 020 | _a1451788703 | ||
| 035 | _a510013 | ||
| 035 | _a(OCoLC)795009487 | ||
| 035 | _z(OCoLC)813534390 | ||
| 035 | _a510013 | ||
| 040 |
_aYDXCP _cYDXCP _dBTCTA |
||
| 041 | 1 |
_aspa _heng |
|
| 049 | _aIFAA | ||
| 099 | _aESPANOL PICTURE BOOKS LEGO 2013 | ||
| 999 |
_c21066 _d21066 |
||
| 999 | _bESPANOL PICTURE BOOKS LEGO 2013 | ||
| 100 | 1 |
_aSteele, Michael Anthony, _eauthor. |
|
| 240 | 1 | 0 |
_aFix that truck!. _lSpanish |
| 245 | 1 | 0 |
_aA reparar ese camion! / _cescrito por Michael Anthony Steele ; ilustrado por Dynamo Limited. |
| 260 |
_aNew York : _bScholastic, _c2013. |
||
| 264 | 1 |
_aNew York : _bScholastic, _c2013. |
|
| 300 |
_a24 pages : _bcolor illustrations ; _c21 cm. |
||
| 336 |
_atext _btxt _2rdacontent |
||
| 337 |
_aunmediated _bn _2rdamedia |
||
| 338 |
_avolume _bnc _2rdacarrier |
||
| 490 | 1 | _aScholastic en espanol | |
| 490 | 1 | _aLego city | |
| 500 | _aOriginally published in English as Fix that truck! | ||
| 500 | _aTranslated by Madelca Dominguez. | ||
| 520 | _aEric está trabajando en el taller de su papá. Tiene muchas ganas de arreglar motocicletas y camiones, �pero cada vez que intenta hacer algo, surge un problema! | ||
| 526 | 0 |
_aAccelerated Reader _bLG _c2.7 _d0.5 _z155033SP |
|
| 650 | 0 |
_aTrucks _vJuvenile fiction. |
|
| 650 | 0 |
_aTruck mechanics _vJuvenile fiction. |
|
| 650 | 0 |
_aMechanics (Persons) _vJuvenile fiction. |
|
| 650 | 0 |
_aLEGO toys _vJuvenile fiction. |
|
| 650 | 7 |
_aCamiones _vNovela juvenil. _2bidex |
|
| 650 | 7 |
_aMecánicos _vNovela juvenil. _2bidex |
|
| 700 | 1 | _aDominguez, Madelca. | |
| 710 | 2 | _aDynamo Limited. | |
| 830 | 0 | _aScholastic en espanol. | |
| 830 | 0 | _aLEGO City (New York, N.Y.) | |
| 942 | _cBK | ||